[Event "Budapest-chT1 Lilienthal 1718"]
[Site "Budapest"]
[Date "2018.03.11"]
[Round "11"]
[White "Lukacs, Albert"]
[Black "Wirth, Adam"]
[Result "0-1"]
[WhiteElo "1929"]
[BlackElo "2030"]
[PlyCount "50"]
[EventDate "2017.10.01"]
[EventType "team-tourn"]
[EventRounds "13"]
[EventCountry "HUN"]
[SourceTitle "EXT 2021"]
[Source "ChessBase"]
[SourceDate "2020.10.23"]
[SourceVersion "1"]
[SourceVersionDate "2020.10.23"]
[SourceQuality "1"]
[WhiteTeam "Palota Sakk"]
[BlackTeam "Mattolda"]
[WhiteTeamCountry "HUN"]
[BlackTeamCountry "HUN"]

1. e4 d5 2. exd5 Qxd5 3. Nc3 Qa5 4. d4 Nf6 5. Bd3 Nc6 6. Nge2 e5 7. Bb5 Bd7 8. dxe5 Nxe5 9. Qd4 Bd6 10. Bxd7+ Nexd7 11. Bd2 Qf5 12. Qa4 0-0 13. f3 Nc5 14. Qd4 Qxc2 15. 0-0 Nd3 16. Na4 Qxd2 17. Rad1 Qxe2 18. Rxd3 Rfe8 19. Qc4 Rad8 20. Rfd1 a6 21. Nc3 Qe5 22. f4 Qc5+ 23. Qxc5 Bxc5+ 24. Kf1 Rxd3 25. Rxd3 Kf8 0-1

[Event "Budapest-chT1 Lilienthal 1718"]
[Site "Budapest"]
[Date "2018.02.11"]
[Round "9"]
[White "Wirth, Adam"]
[Black "Peczeli, Zoltan"]
[Result "1/2-1/2"]
[WhiteElo "2030"]
[BlackElo "2103"]
[PlyCount "38"]
[EventDate "2017.10.01"]
[EventType "team-tourn"]
[EventRounds "13"]
[EventCountry "HUN"]
[SourceTitle "EXT 2021"]
[Source "ChessBase"]
[SourceDate "2020.10.23"]
[SourceVersion "1"]
[SourceVersionDate "2020.10.23"]
[SourceQuality "1"]
[WhiteTeam "Mattolda"]
[BlackTeam "Fabulon"]
[WhiteTeamCountry "HUN"]
[BlackTeamCountry "HUN"]

1. Nf3 c5 2. e4 Nc6 3. Bb5 g6 4. 0-0 Bg7 5. c3 Nf6 6. Re1 0-0 7. d4 cxd4 8. cxd4 d5 9. e5 Ne8 10. Nc3 Nc7 11. Bxc6 bxc6 12. Na4 Bg4 13. h3 Bxf3 14. Qxf3 Ne6 15. Qc3 Qc7 16. Bd2 Rfc8 17. Rac1 Rab8 18. b3 Rb5 19. Qd3 Qb8 1/2-1/2

[Event "Budapest-chT1 Lilienthal 1516"]
[Site "Budapest"]
[Date "2015.11.15"]
[Round "4"]
[White "Wirth, Adam"]
[Black "Rakosi, Ferenc"]
[Result "1/2-1/2"]
[WhiteElo "1956"]
[BlackElo "1955"]
[PlyCount "76"]
[EventDate "2015.09.20"]
[EventType "team-tourn"]
[EventRounds "9"]
[EventCountry "HUN"]
[SourceTitle "EXT 2021"]
[Source "ChessBase"]
[SourceDate "2020.10.23"]
[SourceVersion "1"]
[SourceVersionDate "2020.10.23"]
[SourceQuality "1"]
[WhiteTeam "Siketek"]
[BlackTeam "Taban Spartacus II"]
[WhiteTeamCountry "HUN"]
[BlackTeamCountry "HUN"]

1. e4 e5 2. Nf3 Nc6 3. d4 exd4 4. Nxd4 Nf6 5. Nxc6 bxc6 6. e5 Nd5 7. c4 Bb4+ 8. Nd2 Nf4 9. a3 Be7 10. Nf3 Ne6 11. Bd3 Bb7 12. 0-0 d5 13. b4 0-0 14. Qc2 g6 15. Bh6 Re8 16. Rfd1 Qc8 17. h4 Ng7 18. cxd5 cxd5 19. Rac1 c6 20. Qd2 Qg4 21. Qf4 Qxf4 22. Bxf4 Ne6 23. Be3 Rec8 24. Ng5 a5 25. Bc5 Bxg5 26. hxg5 Nxg5 27. f4 Ne6 28. Be3 axb4 29. axb4 Ba6 30. f5 Bxd3 31. fxe6 Bf5 32. e7 Kg7 33. b5 cxb5 34. Rxc8 Rxc8 35. Rxd5 Re8 36. Bg5 f6 37. Bxf6+ Kf7 38. Rxb5 h5 1/2-1/2

[Event "W-ch Disabled"]
[Site "Dresden"]
[Date "2015.10.24"]
[Round "7"]
[White "Gedgafov, Chamal"]
[Black "Wirth, Adam"]
[Result "1-0"]
[WhiteElo "2243"]
[BlackElo "1964"]
[PlyCount "71"]
[EventDate "2015.10.18"]
[EventType "swiss"]
[EventRounds "7"]
[EventCountry "GER"]
[SourceTitle "CBM 168 Extra"]
[Source "ChessBase"]
[SourceDate "2015.10.29"]
[SourceVersion "1"]
[SourceVersionDate "2015.10.29"]
[SourceQuality "1"]

1. d4 Nf6 2. c4 c5 3. d5 b5 4. cxb5 a6 5. b6 Qxb6 6. Nc3 g6 7. e4 d6 8. a4 Bg7 9. a5 Qc7 10. Be2 0-0 11. h3 Nbd7 12. Nf3 Rb8 13. 0-0 c4 14. Nd4 Bb7 15. Be3 Nc5 16. Qc2 Rfc8 17. g3 Re8 18. Kh2 e6 19. dxe6 Nxe6 20. Nxe6 Rxe6 21. f3 Rbe8 22. Bb6 Qc6 23. Rf2 Nd7 24. Ba7 Qc7 25. Raf1 R6e7 26. Be3 d5 27. Bg5 Bf6 28. Bf4 Qxa5 29. Nxd5 Bxd5 30. exd5 Qxd5 31. Bxc4 Qb7 32. Rd1 Ne5 33. Bd5 Qb6 34. h4 Rc7 35. Qd2 Nc4 36. Bxc7 1-0

[Event "HUN-chT2 Erkel 1213"]
[Site "Hungary"]
[Date "2012.12.02"]
[Round "5.10"]
[White "Wirth, Adam"]
[Black "Toth, Laszlo"]
[Result "1-0"]
[WhiteElo "1950"]
[BlackElo "1862"]
[PlyCount "59"]
[EventDate "2012.09.16"]
[EventType "team-tourn"]
[EventRounds "11"]
[EventCountry "HUN"]
[SourceTitle "EXT 2014"]
[Source "ChessBase"]
[SourceDate "2013.11.20"]
[SourceVersion "1"]
[SourceVersionDate "2013.11.20"]
[SourceQuality "1"]
[WhiteTeam "Pestszentlorinc"]
[BlackTeam "Mezokovesd"]
[WhiteTeamCountry "HUN"]
[BlackTeamCountry "HUN"]

1. e4 c5 2. Nf3 Nc6 3. d4 cxd4 4. Nxd4 d6 5. c4 Nf6 6. Nc3 g6 7. Be2 Bg7 8. Be3 0-0 9. 0-0 a6 10. Rc1 Bd7 11. f3 Rc8 12. Qd2 Re8 13. Rfd1 Qa5 14. a3 Ne5 15. b4 Qd8 16. Nd5 Ba4 17. Re1 e6 18. Nxf6+ Bxf6 19. b5 axb5 20. cxb5 Nd7 21. Qb4 Ra8 22. Qxd6 Be7 23. Qc7 Bxa3 24. Qxd8 Rexd8 25. Rc7 Nc5 26. b6 Rdc8 27. Bb5 Bxb5 28. Nxb5 Rxc7 29. bxc7 Bb4 30. Rd1 1-0

[Event "HUN-chT2 Erkel 1112"]
[Site "Hungary"]
[Date "2012.02.19"]
[Round "6.10"]
[White "Horvath, Ilona Klara"]
[Black "Wirth, Adam"]
[Result "0-1"]
[WhiteElo "1828"]
[BlackElo "1921"]
[PlyCount "98"]
[EventDate "2011.09.25"]
[EventType "team-tourn"]
[EventRounds "11"]
[EventCountry "HUN"]
[SourceTitle "EXT 2013"]
[Source "ChessBase"]
[SourceDate "2012.11.22"]
[SourceVersion "1"]
[SourceVersionDate "2012.11.22"]
[SourceQuality "1"]
[WhiteTeam "MAFC"]
[BlackTeam "Pestszentlorinc"]
[WhiteTeamCountry "HUN"]
[BlackTeamCountry "HUN"]

1. e4 c5 2. b4 cxb4 3. a3 bxa3 4. Bxa3 Nc6 5. Nf3 d6 6. Bc4 Nf6 7. Nc3 e6 8. 0-0 Be7 9. d4 0-0 10. Bd3 e5 11. d5 Nb8 12. h3 a6 13. Nh2 Nbd7 14. f4 exf4 15. Rxf4 Ne5 16. Rb1 b5 17. Bc1 Nfd7 18. Ng4 Bg5 19. Rf2 Bxc1 20. Rxc1 Nxg4 21. Qxg4 Ne5 22. Qg3 b4 23. Ne2 Qe7 24. Nf4 a5 25. Nh5 Ng6 26. Bb5 Bd7 27. Bxd7 Qxd7 28. Rf6 Qa7+ 29. Rf2 Qe7 30. Rb1 Qe5 31. Qxe5 Nxe5 32. Ng3 g6 33. Ne2 Rfc8 34. Nd4 Rc4 35. Nb5 Ra6 36. Rf6 Rxe4 37. Rxd6 Rxd6 38. Nxd6 Rd4 39. Ne8 Kf8 40. Nc7 Ke7 41. Ra1 Nc4 42. Rf1 a4 43. Nb5 Rxd5 44. Na7 b3 45. cxb3 axb3 46. Rb1 b2 47. Nc6+ Kd6 48. Nb4 Rd2 49. g4 Na3 0-1

[Event "HUN-chT2 Erkel 1011"]
[Site "Hungary"]
[Date "2011.05.15"]
[Round "11.11"]
[White "Wirth, Adam"]
[Black "Markos, Adam"]
[Result "0-1"]
[WhiteElo "1868"]
[BlackElo "1875"]
[PlyCount "114"]
[EventDate "2010.09.12"]
[EventType "team-tourn"]
[EventRounds "11"]
[EventCountry "HUN"]
[SourceTitle "EXT 2012"]
[Source "ChessBase"]
[SourceDate "2011.11.24"]
[SourceVersion "1"]
[SourceVersionDate "2011.11.24"]
[SourceQuality "1"]
[WhiteTeam "Pestszentlorinc"]
[BlackTeam "Dunaharaszti II"]
[WhiteTeamCountry "HUN"]
[BlackTeamCountry "HUN"]

1. Nf3 Nf6 2. g3 d5 3. d4 e6 4. Bg2 Nbd7 5. c4 c6 6. 0-0 Be7 7. Nc3 0-0 8. Qc2 b6 9. Rd1 Bb7 10. b3 Rc8 11. e4 dxe4 12. Nxe4 Ba8 13. Nxf6+ Bxf6 14. Bb2 Qc7 15. Qe2 Rfe8 16. Rac1 c5 17. Rc2 cxd4 18. Nxd4 Bxg2 19. Kxg2 a6 20. Rcd2 Nc5 21. Nf3 e5 22. Rd5 e4 23. Ne1 e3 24. Bxf6 exf2 25. Qg4 fxe1N+ 26. Rxe1 Ne6 27. Be5 Qe7 28. Red1 Rcd8 29. Qf3 f6 30. Bd6 Qf7 31. Qf2 Qb7 32. Kg1 Ng5 33. Qg2 Rc8 34. Bf4 Ne4 35. Rd7 Qc6 36. Qf3 Re6 37. Qg4 Qc5+ 38. R1d4 Re7 39. R7d5 Qc6 40. Qf5 Nc3 41. Qxc8+ Qxc8 42. Rd8+ Qxd8 43. Rxd8+ Kf7 44. Ra8 Re1+ 45. Kg2 Re2+ 46. Kf3 Rxa2 47. h4 Ra3 48. h5 g5 49. Be3 Rxb3 50. Rxa6 Nd1 51. Rxb6 Rxe3+ 52. Kg2 Rc3 53. Rb7+ Kg8 54. Rb8+ Kg7 55. Rb7+ Kh6 56. Rb6 Kxh5 57. Rxf6 Ne3+ 0-1

[Event "HUN-chT2 Erkel 1011"]
[Site "Hungary"]
[Date "2010.09.26"]
[Round "2.11"]
[White "Wirth, Adam"]
[Black "Der, Agoston"]
[Result "1/2-1/2"]
[WhiteElo "1868"]
[BlackElo "1836"]
[PlyCount "86"]
[EventDate "2010.09.12"]
[EventType "team-tourn"]
[EventRounds "11"]
[EventCountry "HUN"]
[SourceTitle "EXT 2012"]
[Source "ChessBase"]
[SourceDate "2011.11.24"]
[SourceVersion "1"]
[SourceVersionDate "2011.11.24"]
[SourceQuality "1"]
[WhiteTeam "Pestszentlorinc"]
[BlackTeam "Vaci"]
[WhiteTeamCountry "HUN"]
[BlackTeamCountry "HUN"]

1. e4 e6 2. d4 d5 3. Nc3 dxe4 4. Nxe4 Be7 5. Nf3 Nd7 6. c4 Ngf6 7. Nc3 0-0 8. Bd3 c5 9. 0-0 cxd4 10. Nxd4 Ne5 11. Be2 Bc5 12. Nb3 Qe7 13. Bg5 Rd8 14. Qc2 b6 15. Nxc5 bxc5 16. Ne4 Ned7 17. Bf3 Bb7 18. Rad1 Rab8 19. Rd2 h6 20. Bf4 Nxe4 21. Bxe4 Bxe4 22. Qxe4 Nf6 23. Qe2 Rxd2 24. Qxd2 Rd8 25. Qc2 Qd7 26. Be3 Qd6 27. h3 Nh5 28. b4 cxb4 29. Bxa7 Nf4 30. Rb1 Qe5 31. Be3 Qc3 32. Rc1 Qe5 33. c5 Nd5 34. Bd2 Rc8 35. Qb3 Qb8 36. Qc4 Rc6 37. Rb1 Qc8 38. Bxb4 Nxb4 39. Qxb4 Rxc5 40. a4 Qc7 41. Qb8+ Qxb8 42. Rxb8+ Kh7 43. Rb1 Ra5 1/2-1/2

[Event "HUN-chT2 Erkel 0910"]
[Site "Hungary"]
[Date "2010.04.18"]
[Round "10.11"]
[White "Wirth, Adam"]
[Black "Lukacs, Daniel"]
[Result "0-1"]
[WhiteElo "1860"]
[BlackElo "2009"]
[PlyCount "60"]
[EventDate "2009.11.08"]
[EventType "team-tourn"]
[EventRounds "11"]
[EventCountry "HUN"]
[SourceTitle "EXT 2011"]
[Source "ChessBase"]
[SourceDate "2010.11.26"]
[SourceVersion "1"]
[SourceVersionDate "2010.11.26"]
[SourceQuality "1"]
[WhiteTeam "Pestszentlorinc"]
[BlackTeam "Husi"]
[WhiteTeamCountry "HUN"]
[BlackTeamCountry "HUN"]

1. e4 c5 2. Nf3 d6 3. d4 cxd4 4. Nxd4 Nf6 5. Nc3 a6 6. Be2 e5 7. Nb3 Be6 8. Bg5 Nbd7 9. 0-0 Be7 10. Qd2 0-0 11. Rfd1 Qc7 12. f3 Rac8 13. Rac1 Rfd8 14. Kh1 Nb6 15. Bxf6 Bxf6 16. Nd5 Bxd5 17. exd5 h6 18. g3 e4 19. c3 exf3 20. Bxf3 Bg5 21. Qd3 Bxc1 22. Rxc1 Nc4 23. Qf5 Qe7 24. Nd4 g6 25. Qf4 Kg7 26. b3 Ne5 27. Be4 Re8 28. Rf1 Qg5 29. Qf2 Rxc3 30. Bxg6 Qxg6 0-1

[Event "HUN-chT2 Erkel 0910"]
[Site "Hungary"]
[Date "2010.04.11"]
[Round "9.11"]
[White "Deak, Balazs"]
[Black "Wirth, Adam"]
[Result "1/2-1/2"]
[WhiteElo "1898"]
[BlackElo "1860"]
[PlyCount "63"]
[EventDate "2009.11.08"]
[EventType "team-tourn"]
[EventRounds "11"]
[EventCountry "HUN"]
[SourceTitle "EXT 2011"]
[Source "ChessBase"]
[SourceDate "2010.11.26"]
[SourceVersion "1"]
[SourceVersionDate "2010.11.26"]
[SourceQuality "1"]
[WhiteTeam "Godollo"]
[BlackTeam "Pestszentlorinc"]
[WhiteTeamCountry "HUN"]
[BlackTeamCountry "HUN"]

1. e4 c5 2. Nf3 Nc6 3. Bb5 Qc7 4. 0-0 d6 5. Re1 Bg4 6. c3 a6 7. Ba4 b5 8. Bc2 Nf6 9. d3 e6 10. Be3 Rc8 11. Nbd2 Be7 12. Rc1 0-0 13. h3 Bh5 14. Nf1 d5 15. g4 Bg6 16. e5 Nxe5 17. Nxe5 Qxe5 18. Bxc5 Qc7 19. Bxe7 Qxe7 20. d4 Bxc2 21. Rxc2 h6 22. Ng3 Qd6 23. Qd3 Rc6 24. a3 Rb8 25. Qe3 a5 26. g5 hxg5 27. Qxg5 b4 28. axb4 axb4 29. Re3 Nh7 30. Qg4 Nf6 31. Qg5 Nh7 32. Qg4 1/2-1/2

[Event "HUN-chT2 Erkel 0910"]
[Site "Hungary"]
[Date "2010.02.14"]
[Round "6.11"]
[White "Urhegyi, Marton"]
[Black "Wirth, Adam"]
[Result "1-0"]
[WhiteElo "1829"]
[BlackElo "1860"]
[PlyCount "87"]
[EventDate "2009.11.08"]
[EventType "team-tourn"]
[EventRounds "11"]
[EventCountry "HUN"]
[SourceTitle "EXT 2011"]
[Source "ChessBase"]
[SourceDate "2010.11.26"]
[SourceVersion "1"]
[SourceVersionDate "2010.11.26"]
[SourceQuality "1"]
[WhiteTeam "Budapest MTK"]
[BlackTeam "Pestszentlorinc"]
[WhiteTeamCountry "HUN"]
[BlackTeamCountry "HUN"]

1. e4 c6 2. d4 d5 3. exd5 cxd5 4. Bd3 Nc6 5. c3 Nf6 6. Ne2 Bg4 7. 0-0 e6 8. Re1 Bd6 9. Bg5 0-0 10. Nd2 Rc8 11. f3 Bh5 12. Nf4 Qc7 13. g3 Bg6 14. Bxg6 hxg6 15. Kg2 Nh7 16. Nh3 Nxg5 17. Nxg5 b5 18. f4 b4 19. Qg4 Nd8 20. Qh3 Re8 21. Qh7+ Kf8 22. Qh8+ Ke7 23. Qxg7 bxc3 24. Rac1 c2 25. Rxe6+ Nxe6 26. Qxf7+ Kd8 27. Nxe6+ Rxe6 28. Qxe6 Rb8 29. Qg8+ Kd7 30. Qf7+ Be7 31. Qxd5+ Ke8 32. Nc4 Rxb2 33. Nxb2 Qc3 34. Qb5+ Kf8 35. Nd3 Ba3 36. Re1 Qxe1 37. Nxe1 c1Q 38. Qb8+ Kg7 39. Qe5+ Kh7 40. Nf3 Qc2+ 41. Kh3 Bf8 42. Ng5+ Kg8 43. Qe6+ Kh8 44. Qf6+ 1-0

[Event "HUN-chT2 Erkel 0910"]
[Site "Hungary"]
[Date "2010.01.31"]
[Round "5.11"]
[White "Wirth, Adam"]
[Black "Karpati, Gabor"]
[Result "1/2-1/2"]
[WhiteElo "1860"]
[BlackElo "1857"]
[PlyCount "61"]
[EventDate "2009.11.08"]
[EventType "team-tourn"]
[EventRounds "11"]
[EventCountry "HUN"]
[SourceTitle "EXT 2011"]
[Source "ChessBase"]
[SourceDate "2010.11.26"]
[SourceVersion "1"]
[SourceVersionDate "2010.11.26"]
[SourceQuality "1"]
[WhiteTeam "Pestszentlorinc"]
[BlackTeam "Foti"]
[WhiteTeamCountry "HUN"]
[BlackTeamCountry "HUN"]

1. e4 e6 2. d4 d5 3. exd5 exd5 4. Bd3 Bd6 5. Ne2 Ne7 6. 0-0 0-0 7. Bf4 Bf5 8. c3 c6 9. Qc2 Bxd3 10. Qxd3 Ng6 11. Bxd6 Qxd6 12. Nd2 Nd7 13. Rfe1 Rae8 14. Qg3 Qxg3 15. Nxg3 Nf6 16. Rad1 Rxe1+ 17. Rxe1 Re8 18. Rxe8+ Nxe8 19. Ne2 Kf8 20. g3 Ke7 21. Nc1 Nd6 22. f3 Nf8 23. Nd3 f6 24. Kf2 Nd7 25. b3 Nb5 26. Nb1 Kd6 27. Ke3 b6 28. a4 Nc7 29. Nd2 g6 30. Nb1 Ke6 31. Nd2 1/2-1/2